| 000 | 00489nam a2200217Ia 4500 | ||
|---|---|---|---|
| 008 | 210210b1963 xxu||||| |||| 00| 0 eng d | ||
| 041 | _aeng | ||
| 082 | _a829/176 | ||
| 100 | _aCONAN (Doyle) | ||
| 245 | _aTalels of adventure and medical life | ||
| 260 |
_aLondon _bJohn Murray _c1963 |
||
| 650 | _aTalels | ||
| 650 | _aof | ||
| 650 | _amedical | ||
| 650 | _alife | ||
| 650 | _aand | ||
| 650 | _aadventure | ||
| 690 | _aEnglish Fiction | ||
| 700 | _aARTHUR | ||
| 906 | _a016782 | ||
| 999 |
_c136469 _d136469 |
||